2015 NBA Draft - 1st Round - Statistics

General Stats
  • This quiz has been taken 289 times
  • The average score is 7 of 30
Answer Stats
Pick College (Foreign Team) NBA Team Player % Correct
#1 Kentucky Minnesota Timberwolves Karl-Anthony Towns
99%
#2 Ohio State Los Angeles Lakers D'Angelo Russell
79%
#3 Duke Philadelphia 76ers Jahlil Okafor
59%
#4 Baloncesto Sevilla New York Knicks Kristaps Porzingis
58%
#13 Kentucky Phoenix Suns Devin Booker
45%
#9 Wisconsin Charlotte Hornets Frank Kaminsky
35%
#10 Duke Miami Heat Justice Winslow
35%
#11 Texas Indiana Pacers Myles Turner
32%
#6 Kentucky Sacramento Kings Willie Caulley-Stein
32%
#5 Barcelona Orlando Magic Mario Hezonja
31%
#7 Guandong Southern Tigers Denver Nuggets Emmanuel Mudiay
30%
#8 Arizona Detroit Pistons Stanley Johnson
27%
#14 Murray State Oklahoma City Thunder Cameron Payne
22%
#12 Kentucky Utah Jazz Trey Lyles
19%
#18 Wisconsin Houston Rockets Sam Dekker
18%
#16 Louisville Boston Celtics Terry Rozier
16%
#30 UCLA Golden State Warriors Kevon Looney
15%
#22 Arkansas Chicago Bulls Bobby Portis
11%
#27 Wyoming Los Angeles Lakers Larry Nance Jr.
11%
#28 Georgia State Boston Celtics R.J. Hunter
11%
#24 Duke Cleveland Cavaliers Tyus Jones
11%
#19 Notre Dame Washington Wizards Jerian Grant
9%
#15 Kansas Atlanta Hawks Kelly Oubre Jr.
9%
#20 Utah Toronto Raptors Delon Wright
8%
#21 Virginia Dallas Mavericks Justin Anderson
8%
#17 UNLV Milwaukee Bucks Rashad Vaughn
8%
#25 LSU Memphis Grizzlies Jarrell Martin
5%
#23 Arizona Portland Trail Blazers Rondae Hollis-Jefferson
5%
#29 Syracuse Brooklyn Nets Chris McCullough
3%
#26 Partizan Belgrade San Antonio Spurs Nikola Milutinov
3%
No matching quizzes found
Score Distribution
Percent of People with Each Score
Percentile by Number Answered
Your Score History
You have not taken this quiz